000 00902am a2200289a 44500
003 AR-BaBNM
005 20251128211203.0
008 083020s2000 #AR|||||||||||000 | spa||
020 _a987-538-003-2
040 _cAR-BaBNM
245 1 0 _aEl color de lo incoloro
_bmiradas para pensar la enseñanza de las ciencias
250 _a1ª ed.
260 _aBuenos Aires
_bEdiciones Novedades Educativas
_c2000
300 _a204 p.
_btablas, il.
490 0 _aEducación con jóvenes
504 _aContiene referencias bibliográficas al final de cada capítulo
650 4 _aCURRICULO
650 4 _aLIBROS DE TEXTO
650 4 _aMUSEOS ESCOLARES
653 _aENSEÑANZA DE LAS CIENCIAS NATURALES
653 _aCONTENIDOS CURRICULARES
700 1 _aGvirtz, Silvina
_edirector
700 1 _aMonserrat, Marcelo
_eprologuista
800 1 _aRajschmir, Cinthia
942 _cBK
998 _craquel
999 _c18630
_d18630